[Event "Lliga Catalana DH"]
[Site "?"]
[Date "2018.01.27"]
[Round "2.3"]
[White "Fluvia Poyatos, Jordi"]
[Black "Molina Carretero, Daniel"]
[Result "1-0"]
[WhiteElo "2460"]
[BlackElo "2329"]
[PlyCount "137"]
[EventDate "2018.??.??"]
[WhiteTeam "SJO"]
[BlackTeam "GER"]

1. e4 c5 2. Nc3 g6 3. f4 Bg7 4. Nf3 Nc6 5. Bb5 Nd4 6. O-O e6 7. d3 Ne7 8. Nxd4
cxd4 9. Ne2 O-O 10. Qe1 d6 11. Ng3 Bd7 12. Bxd7 Qxd7 13. f5 exf5 14. exf5 Nxf5
15. Nxf5 gxf5 16. Qg3 Kh8 17. Bf4 Rac8 18. Rf2 Rfe8 19. Bxd6 Re3 20. Qf4 Re6
21. Ba3 Bh6 22. Qxf5 Be3 23. Kh1 Bxf2 24. Qxf2 Qd5 25. b3 Kg8 26. Bb2 Rd8 27.
Rf1 Rd7 28. h3 Qe5 29. Qh4 Rd5 30. Qg4+ Qg5 31. Qf3 Re7 32. Bc1 Qh5 33. Qg3+
Qg6 34. Qb8+ Kg7 35. Ba3 Qe6 36. Qg3+ Kh8 37. Bxe7 Qxe7 38. Re1 Qg5 39. Qb8+
Kg7 40. Qxb7 Re5 41. Rf1 Rf5 42. Rxf5 Qxf5 43. Qc7 h5 44. Qd6 Qf2 45. b4 f5 46.
a4 f4 47. Qc7+ Kg6 48. Qc6+ Kg5 49. Qd5+ Kg6 50. Qe4+ Kg5 51. b5 Qxc2 52. Qxd4
Qd1+ 53. Kh2 Qe1 54. Qd5+ Kf6 55. Qf3 Qb4 56. Qe4 Qd2 57. d4 Kg5 58. d5 Qf2 59.
Qe5+ Kg6 60. Qe4+ Kg5 61. Qd3 Qe1 62. d6 Qe5 63. Qd2 Kg6 64. Kg1 Qa1+ 65. Kf2
Qa3 66. d7 Qc5+ 67. Kf3 Qa3+ 68. Ke2 Qg3 69. Qd3+ 1-0

[Event "Lliga Catalana DH"]
[Site "?"]
[Date "2018.01.27"]
[Round "2.4"]
[White "Mediña Masdeu, Rasen"]
[Black "Porras Mateo, Felipe"]
[Result "1-0"]
[WhiteElo "2308"]
[BlackElo "2448"]
[PlyCount "93"]
[EventDate "2018.??.??"]
[WhiteTeam "GER"]
[BlackTeam "SJO"]

1. e4 e5 2. Nf3 Nc6 3. d4 exd4 4. Nxd4 Nf6 5. Nxc6 bxc6 6. Qe2 Bc5 7. e5 Nd5 8.
c4 Ne7 9. Nc3 O-O 10. Bg5 Qe8 11. O-O-O Ng6 12. Re1 Qe6 13. Bd2 d6 14. exd6
cxd6 15. f4 Rb8 16. h4 Qf6 17. g3 h5 18. Qxh5 Bf2 19. Bd3 Bxe1 20. Rxe1 Qd4 21.
Bc2 Rxb2 22. Kxb2 Qxd2 23. Qe2 Qd4 24. h5 Bg4 25. Qe3 Rb8+ 26. Kc1 Qxe3+ 27.
Rxe3 Bxh5 28. Bf5 Nf8 29. Bh3 f6 30. Re7 Rb4 31. Rxa7 Rxc4 32. Kd2 Bf7 33. Ra8
g5 34. f5 Kg7 35. Ra7 d5 36. a4 Rd4+ 37. Kc2 Rc4 38. Kd3 Kg8 39. a5 Be8 40. Re7
g4 41. Bg2 Rc5 42. Rxe8 Rxa5 43. Rc8 Ra6 44. Rxc6 Rxc6 45. Bxd5+ Kg7 46. Bxc6
Nh7 47. Ne4 1-0

[Event "Lliga Catalana DH"]
[Site "?"]
[Date "2018.01.27"]
[Round "2.5"]
[White "Iglesias, Jorge"]
[Black "Mundet Riera, Jaume"]
[Result "1-0"]
[WhiteElo "2382"]
[BlackElo "2271"]
[PlyCount "69"]
[EventDate "2018.??.??"]
[WhiteTeam "SJO"]
[BlackTeam "GER"]

1. c4 c5 2. Nf3 Nc6 3. Nc3 g6 4. e3 Nf6 5. d4 d6 6. d5 Nb8 7. e4 Bg7 8. h3 O-O
9. Bd3 Nbd7 10. O-O a6 11. Bf4 Nh5 12. Be3 b6 13. Qd2 Qc7 14. Nh2 e6 15. Be2
Nhf6 16. dxe6 fxe6 17. Rad1 Ne8 18. f4 Nb8 19. f5 Nc6 20. fxe6 Bxe6 21. Nd5 Qb7
22. Rxf8+ Bxf8 23. Nf3 Kh8 24. Bh6 Ng7 25. Bg5 b5 26. b3 bxc4 27. Bxc4 Nb4 28.
Bf6 Nxd5 29. exd5 Bd7 30. Qh6 g5 31. Nxg5 Bf5 32. Rf1 Bg6 33. Bc3 Kg8 34. Rf7
Nf5 35. Qxf8+ 1-0

[Event "Lliga Catalana DH"]
[Site "?"]
[Date "2018.01.27"]
[Round "2.6"]
[White "Gonzalez Vericat, Sergi"]
[Black "Fernandez Madrid, Carlos"]
[Result "1/2-1/2"]
[WhiteElo "2257"]
[BlackElo "2242"]
[PlyCount "94"]
[EventDate "2018.??.??"]
[WhiteTeam "GER"]
[BlackTeam "SJO"]

1. b3 d6 2. Bb2 Nd7 3. g3 Ngf6 4. Bg2 g6 5. e4 Bg7 6. Ne2 O-O 7. O-O a5 8. a3
c6 9. d4 e5 10. dxe5 Nxe5 11. Nd2 a4 12. b4 Qb6 13. Bd4 Qa6 14. Re1 b6 15. f4
Nc4 16. b5 cxb5 17. Nxc4 bxc4 18. e5 dxe5 19. fxe5 Nh5 20. Bxa8 Qxa8 21. Nf4
Nxf4 22. gxf4 Bh3 23. Qe2 b5 24. Qe4 Qc8 25. Re3 Bf5 26. Qg2 Bh6 27. Rf1 Rd8
28. c3 Bf8 29. Qg5 Rxd4 30. cxd4 c3 31. Qg3 c2 32. Rc3 Qd7 33. Qe3 b4 34. axb4
Bxb4 35. Rc4 Ba5 36. e6 fxe6 37. Qe5 Bb6 38. Qb8+ Bd8 39. Ra1 a3 40. Qe5 Bb6
41. Qb8+ Bd8 42. Qc8 Qd6 43. Qc5 Qxf4 44. Qxa3 Qg4+ 45. Qg3 Qd1+ 46. Qe1 Qg4+
47. Qg3 Qd1+ 1/2-1/2

[Event "Lliga Catalana DH"]
[Site "?"]
[Date "2018.01.27"]
[Round "2.8"]
[White "Guso Llorca, Jordi"]
[Black "Fernandez Serrano, Pau"]
[Result "0-1"]
[WhiteElo "2249"]
[BlackElo "2173"]
[PlyCount "108"]
[EventDate "2018.??.??"]
[WhiteTeam "GER"]
[BlackTeam "SJO"]

1. d4 g6 2. Nf3 Bg7 3. g3 d6 4. Bg2 Bd7 5. O-O Qc8 6. Re1 Bh3 7. Bh1 Nc6 8. c4
h5 9. Ng5 h4 10. d5 hxg3 11. hxg3 Ne5 12. Nxh3 Qxh3 13. Bg2 Qd7 14. Qb3 Rb8 15.
Nc3 Nf6 16. Be3 b6 17. Bd4 Nh5 18. Rad1 Kf8 19. c5 Ng4 20. c6 Bxd4 21. Rxd4 Qf5
22. Nd1 Nhf6 23. Ra4 Ra8 24. e4 Qe5 25. Qc3 Qh5 26. b4 Ne5 27. b5 g5 28. Ne3
Nf3+ 29. Kf1 Nxe1 30. Kxe1 g4 31. Nf5 Qg5 32. Ne3 Kg7 33. Kf1 Qe5 34. Qxe5 dxe5
35. Nc4 Rh5 36. Ke2 Ne8 37. Ke3 Nd6 38. Nxd6 exd6 39. Bf1 Kf6 40. Be2 Ke7 41.
Bd3 Kf6 42. Rb4 a6 43. a4 Rh1 44. Be2 Ra1 45. Kd2 Ra3 46. Bd3 Kg5 47. Bb1 f6
48. Bd3 axb5 49. axb5 f5 50. Bc4 fxe4 51. Be2 Ra2+ 52. Ke1 Ra1+ 53. Bd1 R8a3
54. Rxe4 Rd3 0-1

[Event "Lliga Catalana DH"]
[Site "?"]
[Date "2018.01.27"]
[Round "2.9"]
[White "Martinez Talavera, Jordi"]
[Black "Parramon Ros, Francesc"]
[Result "1/2-1/2"]
[WhiteElo "2087"]
[BlackElo "2189"]
[PlyCount "81"]
[EventDate "2018.??.??"]
[WhiteTeam "SJO"]
[BlackTeam "GER"]

1. d4 d5 2. Bf4 Nf6 3. e3 e6 4. Nf3 c5 5. c3 Nc6 6. Nbd2 Bd6 7. Bg3 O-O 8. Bd3
b6 9. Ne5 Qc7 10. f4 Ne7 11. Bh4 Nf5 12. Bf2 Be7 13. g4 Nd6 14. g5 Nfe4 15.
Nxe4 Nxe4 16. Bxe4 dxe4 17. h4 cxd4 18. cxd4 Ba6 19. Qa4 Qb7 20. b4 Bd3 21.
Nxd3 exd3 22. O-O Rfc8 23. Qb3 Rc2 24. Rac1 Rac8 25. Rxc2 dxc2 26. Rc1 Qe4 27.
Be1 h6 28. Kf2 hxg5 29. hxg5 Kh7 30. Ke2 Qg2+ 31. Bf2 Qg4+ 32. Ke1 Qf5 33. Kd2
Kg6 34. a3 a5 35. b5 e5 36. dxe5 Rd8+ 37. Ke1 Rc8 38. Ke2 Qg4+ 39. Ke1 Qf5 40.
Ke2 Qg4+ 41. Ke1 1/2-1/2

[Event "Lliga Catalana DH"]
[Site "?"]
[Date "2018.01.27"]
[Round "2.10"]
[White "Castrillon Otero, Xavier"]
[Black "Roa Ribera, Alvaro"]
[Result "1-0"]
[WhiteElo "2126"]
[BlackElo "2003"]
[PlyCount "63"]
[EventDate "2018.??.??"]
[WhiteTeam "GER"]
[BlackTeam "SJO"]

1. d4 d5 2. c4 c6 3. Nc3 Nf6 4. cxd5 cxd5 5. Bf4 Nc6 6. e3 a6 7. Bd3 e6 8. Rc1
Bd6 9. Bxd6 Qxd6 10. f4 Ne7 11. Nf3 Nf5 12. Qd2 O-O 13. O-O b6 14. Ne5 g6 15.
g4 Ng7 16. Rf2 Bd7 17. g5 Nfe8 18. h4 b5 19. Ne2 Ra7 20. Rh2 Qb6 21. Ng3 Nd6
22. h5 Ngf5 23. Kg2 b4 24. hxg6 fxg6 25. Rch1 Bb5 26. Nxf5 exf5 27. Qxb4 Ne4
28. a4 Rc8 29. axb5 axb5 30. Bxe4 dxe4 31. Qb3+ Kf8 32. Rxh7 1-0

[Event "Lliga Catalana DH"]
[Site "?"]
[Date "2018.01.27"]
[Round "2.8"]
[White "Parals Marce, Lluis"]
[Black "Ayas Fernandez, Antoni"]
[Result "0-1"]
[WhiteElo "2214"]
[BlackElo "2351"]
[PlyCount "83"]
[WhiteTeam "FIG"]
[BlackTeam "CCS"]

1. Nf3 c5 2. c4 Nf6 3. g3 b6 4. Bg2 Bb7 5. O-O e6 6. b3 Be7 7. Bb2 O-O 8. d4
cxd4 9. Qxd4 Nc6 10. Qf4 Qb8 11. Nc3 Qxf4 12. gxf4 Rfd8 13. Rfd1 a6 14. Ne5
Rab8 15. h3 Na5 16. e4 d6 17. Nd3 d5 18. cxd5 exd5 19. e5 Ne4 20. Ne2 Nc6 21.
Ng3 Nb4 22. Nf5 Bf8 23. Nxb4 Bxb4 24. Bd4 g6 25. Nh6+ Kg7 26. Ng4 Bc5 27. b4
Bxd4 28. Rxd4 h5 29. Ne3 Nc3 30. Rd2 d4 31. Nc4 Bxg2 32. Kxg2 Nd5 33. Kf3 Nxb4
34. Nd6 a5 35. Rc1 Na6 36. Rxd4 Nc5 37. a4 Kf8 38. Ke3 Ke7 39. Rg1 Nb7 40. Nxb7
Rxd4 41. Kxd4 Rxb7 42. Rb1 0-1

[Event "Lliga Catalana DH"]
[Site "?"]
[Date "2018.01.27"]
[Round "2.1"]
[White "Gonzalez Garcia, Jose"]
[Black "Gonzalez Rodriguez, Jorge"]
[Result "1-0"]
[WhiteElo "2565"]
[BlackElo "2381"]
[PlyCount "65"]
[WhiteTeam "CCS"]
[BlackTeam "FIG"]

1. d4 Nf6 2. Nf3 d5 3. c4 e6 4. Nc3 c6 5. e3 Bd6 6. Bd3 Nbd7 7. e4 dxe4 8. Nxe4
Nxe4 9. Bxe4 Bb4+ 10. Bd2 Bxd2+ 11. Qxd2 O-O 12. O-O Nf6 13. Bc2 Qc7 14. Qd3 b6
15. Rad1 Ba6 16. b3 b5 17. Ne5 Rfd8 18. Rfe1 Rac8 19. c5 b4 20. Qh3 Rd5 21. g4
g6 22. Qf3 Kg7 23. g5 Nh5 24. Be4 Rxd4 25. Bxg6 Be2 26. Qxe2 Nf4 27. Qe3 Rxd1
28. Rxd1 Nxg6 29. Rd6 Qa5 30. Nxg6 hxg6 31. Qe5+ Kg8 32. Rd4 Qc7 33. Qf6 1-0

[Event "Lliga Catalana DH"]
[Site "?"]
[Date "2018.01.27"]
[Round "2.2"]
[White "Serra Pages, Jordi"]
[Black "Comas Fabrego, Lluis"]
[Result "1/2-1/2"]
[WhiteElo "2338"]
[BlackElo "2556"]
[PlyCount "34"]
[WhiteTeam "FIG"]
[BlackTeam "CCS"]

1. d4 Nf6 2. c4 e6 3. Nf3 Bb4+ 4. Bd2 Qe7 5. a3 Bxd2+ 6. Nbxd2 d6 7. Qc2 e5 8.
e3 O-O 9. Be2 Re8 10. h3 e4 11. Nh2 c5 12. dxc5 dxc5 13. g4 Qe5 14. O-O-O Nc6
15. h4 h6 16. Rdg1 Nh7 17. f4 exf3 1/2-1/2

[Event "Lliga Catalana DH"]
[Site "?"]
[Date "2018.01.27"]
[Round "2.3"]
[White "Diaz Camallonga, Carles"]
[Black "Ibañez Tarradellas, Eduard"]
[Result "1/2-1/2"]
[WhiteElo "2489"]
[BlackElo "2319"]
[PlyCount "99"]
[WhiteTeam "CCS"]
[BlackTeam "FIG"]

1. e4 d5 2. exd5 Qxd5 3. Nf3 Bg4 4. Be2 Nc6 5. h3 Bxf3 6. Bxf3 Qe5+ 7. Qe2
Qxe2+ 8. Bxe2 O-O-O 9. O-O g6 10. c3 e5 11. d3 Nge7 12. f4 Bh6 13. fxe5 Bxc1
14. Rxc1 Nxe5 15. d4 N5c6 16. Nd2 Rhe8 17. Rf1 f5 18. Rae1 Nd5 19. Bb5 Rxe1 20.
Rxe1 Nde7 21. Nf3 a6 22. Bc4 Nd5 23. Ng5 Nf6 24. Kf1 b5 25. Bb3 Kb7 26. Bf7 Rd7
27. Be6 Rg7 28. a3 Kb6 29. Nf7 Nh5 30. Ba2 Ng3+ 31. Kf2 Ne4+ 32. Ke3 Nd6 33.
Nxd6 Re7+ 34. Kf2 cxd6 35. Rd1 Na5 36. b4 Nc6 37. Re1 Rxe1 38. Kxe1 Ne7 39. d5
a5 40. Ke2 g5 41. Ke3 h6 42. c4 axb4 43. axb4 bxc4 44. Bxc4 Ng8 45. Bd3 Ne7 46.
Kd4 Kb7 47. g3 Kb6 48. Be2 Ng8 49. Bd3 Ne7 50. Be2 1/2-1/2

[Event "Lliga Catalana DH"]
[Site "?"]
[Date "2018.01.27"]
[Round "2.4"]
[White "Baños, Oscar Francisco"]
[Black "Romero Holmes, Alfonso"]
[Result "0-1"]
[WhiteElo "2307"]
[BlackElo "2533"]
[PlyCount "68"]
[WhiteTeam "FIG"]
[BlackTeam "CCS"]

1. d4 d6 2. Nf3 Bg4 3. e4 Nc6 4. Bb5 a6 5. Bxc6+ bxc6 6. O-O e6 7. Qd3 Ne7 8.
Re1 h6 9. Nbd2 g5 10. Nf1 Bg7 11. c3 Bh5 12. Ng3 Bg6 13. h4 f6 14. Qc4 Bf7 15.
e5 gxh4 16. exf6 Bxf6 17. Nf1 Qd7 18. N1h2 Rg8 19. Qe2 h5 20. Kh1 Nf5 21. Ng1
Kf8 22. Bf4 c5 23. Qf3 Rb8 24. dxc5 e5 25. Bc1 Rg3 26. Qd1 Qc6 27. Nhf3 Rg4 28.
Qd3 Bg6 29. Qf1 Qxc5 30. Nh3 Qc6 31. Nfg5 Bxg5 32. Nxg5 Bf7 33. Nxf7 h3 34. Kh2
Rxg2+ 0-1

[Event "Lliga Catalana DH"]
[Site "?"]
[Date "2018.01.27"]
[Round "2.5"]
[White "Lorenzo De La Riva, Lazaro"]
[Black "Pijuan Herranz, Manel"]
[Result "1-0"]
[WhiteElo "2449"]
[BlackElo "2307"]
[PlyCount "36"]
[WhiteTeam "CCS"]
[BlackTeam "FIG"]

1. e4 e5 2. Nf3 Nc6 3. Bb5 Bc5 4. O-O Nd4 5. Nxd4 Bxd4 6. c3 Bb6 7. d4 c6 8.
Ba4 d6 9. Na3 Nf6 10. Bg5 h6 11. Bxf6 Qxf6 12. d5 Bd7 13. Nc4 Bc7 14. dxc6 bxc6
15. Re1 O-O 16. Ne3 Rab8 17. b4 a5 18. a3 Rb6 1-0

[Event "Lliga Catalana DH"]
[Site "?"]
[Date "2018.01.27"]
[Round "2.6"]
[White "Pinsach Gelabert, Alexandre"]
[Black "Perpinya Rofes, Lluis Mª"]
[Result "0-1"]
[WhiteElo "2294"]
[BlackElo "2450"]
[PlyCount "76"]
[EventDate "2018.??.??"]
[WhiteTeam "FIG"]
[BlackTeam "CCS"]

1. e4 c5 2. Nf3 Nc6 3. d4 cxd4 4. Nxd4 Nf6 5. Nc3 d6 6. Bg5 e6 7. Qd2 a6 8.
O-O-O Bd7 9. f4 b5 10. Bxf6 gxf6 11. Kb1 Qb6 12. Nxc6 Bxc6 13. f5 O-O-O 14. Qe2
h5 15. a4 b4 16. Qxa6+ Qxa6 17. Bxa6+ Kc7 18. Na2 Bxe4 19. Bd3 d5 20. Bxe4 dxe4
21. Rxd8 Kxd8 22. Rf1 Be7 23. Rf4 exf5 24. Rxf5 Rg8 25. g3 h4 26. Rf4 hxg3 27.
hxg3 Rxg3 28. Rxe4 Rg1+ 29. Nc1 f5 30. Rc4 Bg5 31. a5 Bxc1 32. Ka2 Be3 33. Rxb4
f4 34. Rb3 f3 35. Rd3+ Kc8 36. Rc3+ Kd7 37. Rd3+ Kc6 38. Rc3+ Kb5 0-1

[Event "Lliga Catalana DH"]
[Site "?"]
[Date "2018.01.27"]
[Round "2.7"]
[White "Bofill Mas, Alexandre"]
[Black "Colls Gelaberto, Emili"]
[Result "1-0"]
[WhiteElo "2412"]
[BlackElo "2271"]
[PlyCount "137"]
[WhiteTeam "CCS"]
[BlackTeam "FIG"]

1. c4 c5 2. g3 Nf6 3. Bg2 d5 4. cxd5 Nxd5 5. Nc3 Nc7 6. Nf3 Nc6 7. O-O e5 8. a3
Be7 9. b4 f6 10. Rb1 Bf5 11. b5 Nd4 12. d3 Be6 13. Nd2 Rb8 14. Nc4 Nd5 15. Bb2
O-O 16. Nxd5 Bxd5 17. Bxd5+ Qxd5 18. e4 Qd7 19. Bxd4 Qxd4 20. Ne3 Rfd8 21. Nd5
Rxd5 22. exd5 Qxd5 23. Qa4 Ra8 24. Rfd1 Kf7 25. Qe4 Qxe4 26. dxe4 Ke6 27. Rbc1
Rc8 28. Rc4 Bd8 29. Kf1 Bb6 30. Ke2 g6 31. f3 Rc7 32. Rd5 h5 33. Kd3 f5 34. Rc2
Rg7 35. a4 f4 36. Ke2 g5 37. gxf4 gxf4 38. Rcd2 Bc7 39. Rxc5 Bb6 40. Rcd5 Bd4
41. R2xd4 exd4 42. Kd3 Rg2 43. Rxh5 Rg1 44. Rh6+ Ke5 45. Rh5+ Ke6 46. Kxd4 Rd1+
47. Kc4 Rf1 48. Rh3 Ra1 49. Rh6+ Ke5 50. Rh5+ Ke6 51. Rf5 Rxa4+ 52. Kb3 Ra5 53.
Kb4 Ra2 54. h4 Rh2 55. Rxf4 Rh1 56. Rg4 Rh3 57. Rf4 Rh1 58. Kc4 Rg1 59. Kd3
Rd1+ 60. Ke2 Rh1 61. Kf2 Ke5 62. Rf5+ Kd4 63. Rd5+ Kc4 64. h5 a5 65. bxa6 bxa6
66. Ra5 Kd4 67. Rxa6 Rxh5 68. Rd6+ Kc5 69. Rd1 1-0

[Event "Lliga Catalana DH"]
[Site "?"]
[Date "2018.01.27"]
[Round "2.9"]
[White "Garcia-Castany Musellas, Gal·la"]
[Black "Negre Moret, Albert"]
[Result "1-0"]
[WhiteElo "2289"]
[BlackElo "2206"]
[PlyCount "46"]
[WhiteTeam "CCS"]
[BlackTeam "FIG"]

1. e4 e5 2. Nf3 Nc6 3. Bb5 f5 4. Nc3 fxe4 5. Nxe4 d5 6. Nxe5 dxe4 7. Nxc6 Qg5
8. Qe2 Nf6 9. f4 Qxf4 10. Nxa7+ Bd7 11. Bxd7+ Nxd7 12. Nb5 O-O-O 13. d4 Qf5 14.
Be3 Bb4+ 15. c3 Be7 16. Rf1 Qe6 17. Bf4 Bd6 18. Bxd6 cxd6 19. d5 Qxd5 20. Rd1
Qxa2 21. Nxd6+ Kc7 22. Qb5 Qa7 23. Rf7 Kb8 1-0

[Event "Lliga Catalana DH"]
[Site "?"]
[Date "2018.01.27"]
[Round "2.10"]
[White "Cuevas Silva, Angel"]
[Black "Martinez Perez, Pablo"]
[Result "1-0"]
[WhiteElo "2062"]
[BlackElo "2119"]
[PlyCount "43"]
[WhiteTeam "FIG"]
[BlackTeam "CCS"]

1. e4 e5 2. Nf3 d6 3. d4 exd4 4. Nxd4 Nf6 5. Nc3 Be7 6. Bf4 O-O 7. Qd2 a6 8.
O-O-O b5 9. f3 Bb7 10. Nf5 Nbd7 11. g4 Ne5 12. Bxe5 Nxe4 13. fxe4 dxe5 14. Qxd8
Bxd8 15. Bg2 g6 16. Ng3 Bg5+ 17. Kb1 b4 18. Nd5 c5 19. h4 Bh6 20. Nf6+ Kh8 21.
Nd7 Rfc8 22. Nb6 1-0

[Event "Lliga Catalana DH"]
[Site "Barbera del Valles, Spain"]
[Date "2018.01.27"]
[Round "2.1"]
[White "Alsina Leal, Daniel "]
[Black "Krysa, Leandro "]
[Result "0-1"]
[WhiteElo "2565"]
[BlackElo "2505"]
[PlyCount "102"]
[EventDate "2018.??.??"]
[WhiteTeam "BAB"]
[BlackTeam "MLL"]

1. e4 e5 2. Nf3 Nc6 3. Bb5 a6 4. Bxc6 dxc6 5. O-O Bd6 6. d4 exd4 7. Qxd4 f6 8.
Be3 Ne7 9. Nbd2 Be6 10. Qc3 Qd7 11. Nc4 Bxc4 12. Qxc4 Ng6 13. a4 O-O-O 14. Bc5
Nf4 15. Bxd6 cxd6 16. Ne1 Rhe8 17. Ra3 d5 18. Qc5 dxe4 19. Rb3 Kb8 20. Qb6 Ka8
21. c4 Ne2+ 22. Kh1 Nd4 23. Rc3 Qg4 24. Nc2 Qe2 25. Ne3 f5 26. Rcc1 f4 27. Rce1
Qh5 28. Nd5 cxd5 29. Qxd4 f3 30. Rg1 dxc4 31. Qxc4 e3 32. Ref1 fxg2+ 33. Kxg2
e2 34. Re1 Rd6 35. Qc3 Rg6+ 36. Kh1 Qd5+ 37. f3 Rxg1+ 38. Kxg1 Qg5+ 39. Kf2
Qh4+ 40. Kg2 Qxa4 41. Qd3 Qc6 42. Rxe2 Qg6+ 43. Qxg6 Rxe2+ 44. Kf1 hxg6 45.
Kxe2 b5 46. Kd3 Kb7 47. Kd4 Kc6 48. f4 a5 49. b3 Kd6 50. Kc3 Kd5 51. Kd3 a4 0-1

[Event "Lliga Catalana DH"]
[Site "Barbera del Valles, Spain"]
[Date "2018.01.27"]
[Round "2.2"]
[White "Arenas, David "]
[Black "Delorme, Axel "]
[Result "1/2-1/2"]
[WhiteElo "2495"]
[BlackElo "2511"]
[PlyCount "64"]
[EventDate "2018.??.??"]
[WhiteTeam "MLL"]
[BlackTeam "BAB"]

1. e4 e5 2. Nf3 Nc6 3. Bb5 a6 4. Ba4 Nf6 5. O-O Nxe4 6. d4 b5 7. Bb3 d5 8. dxe5
Be6 9. Nbd2 Nc5 10. c3 Be7 11. Bc2 d4 12. Nb3 d3 13. Nxc5 dxc2 14. Qxd8+ Rxd8
15. Nxe6 fxe6 16. Be3 Rd5 17. Rfc1 Nxe5 18. Nxe5 Rxe5 19. Bd4 Rg5 20. Rxc2 Kf7
21. f4 Rd5 22. Be5 Bc5+ 23. Kf1 Bd6 24. Bxd6 cxd6 25. a4 Rc8 26. axb5 axb5 27.
Re2 b4 28. Rae1 bxc3 29. bxc3 e5 30. fxe5 dxe5 31. Rxe5 Rxe5 32. Rxe5 Rxc3
1/2-1/2

[Event "Lliga Catalana DH"]
[Site "Barbera del Valles, Spain"]
[Date "2018.01.27"]
[Round "2.3"]
[White "Vila Gazquez, Xavi "]
[Black "Garriga Cazorla, Pere "]
[Result "1/2-1/2"]
[WhiteElo "2530"]
[BlackElo "2469"]
[PlyCount "272"]
[EventDate "2018.??.??"]
[WhiteTeam "BAB"]
[BlackTeam "MLL"]

1. d4 Nf6 2. Nf3 d5 3. g3 c5 4. c3 e6 5. Bg2 Nc6 6. O-O Be7 7. Nbd2 O-O 8. dxc5
a5 9. Qc2 Bxc5 10. e4 a4 11. exd5 exd5 12. b4 Bb6 13. b5 Na5 14. Qxa4 Bf5 15.
Qb4 Bd3 16. Re1 Re8 17. Ne5 Bc2 18. Ba3 Ne4 19. Nxe4 dxe4 20. Qd6 Rxe5 21. Qxe5
Nc4 22. Qf4 Nxa3 23. Bxe4 Bxe4 24. Qxe4 Qc8 25. c4 g6 26. Rac1 Bc5 27. Re2 Qc7
28. Rd2 Rc8 29. Rcd1 Qb6 30. Kg2 Bf8 31. Rd4 Rc7 32. h4 Qc5 33. Rd7 b6 34. Rxc7
Qxc7 35. Qc6 Qe5 36. Qd5 Qe2 37. Rd2 Qe7 38. Rd1 h5 39. Qd3 Qc7 40. Rc1 Nxb5
41. a4 Na7 42. Qd5 Nc6 43. Re1 Ne7 44. Qb5 Nf5 45. Qd5 Nd6 46. Rc1 Nb7 47. Re1
Nd6 48. Rc1 Nb7 49. Re1 Na5 50. Re4 Qc5 51. Qxc5 Bxc5 52. g4 hxg4 53. Rxg4 Kh7
54. Rf4 Kg7 55. Kf1 f5 56. h5 Kh6 57. hxg6 Kxg6 58. Rh4 Kg5 59. Rh8 Nxc4 60.
Ke2 Nb2 61. Ra8 Bb4 62. Ke3 Ba5 63. f4+ Kf6 64. Kd4 Nxa4 65. Rc8 Ke6 66. Rc6+
Kd7 67. Rh6 Bc3+ 68. Kd5 Ke7 69. Kc4 Bf6 70. Kb5 Nc3+ 71. Kxb6 Ne2 72. Kc5 Nxf4
73. Kc4 Ke6 74. Rh1 Be5 75. Rg1 Kf6 76. Rg8 Ne6 77. Kd3 f4 78. Ke2 Kf5 79. Kf3
Ng5+ 80. Ke2 Bd4 81. Kd3 Bg1 82. Rf8+ Kg4 83. Rg8 f3 84. Kd2 Bf2 85. Kd3 Bh4
86. Ke3 Kg3 87. Rf8 Kg2 88. Rf5 f2 89. Ke2 Nh3 90. Rxf2+ Bxf2 91. Kd3 Kf3 92.
Kd2 Nf4 93. Kc3 Ke4 94. Kc4 Bd4 95. Kb3 Kd5 96. Kb4 Ne6 97. Kb3 Nc5+ 98. Kb4
Ne4 99. Kb3 Bc5 100. Kc2 Kc4 101. Kb2 Be3 102. Kc2 Ng3 103. Kd1 Kd3 104. Ke1
Nf5 105. Kf1 Nh4 106. Ke1 Bd4 107. Kf1 Bc5 108. Ke1 Ng2+ 109. Kf1 Nf4 110. Ke1
Bd4 111. Kf1 Ke3 112. Ke1 Bc3+ 113. Kf1 Kf3 114. Kg1 Ne6 115. Kh2 Nf4 116. Kg1
Be1 117. Kf1 Bh4 118. Kg1 Bg3 119. Kh1 Nd3 120. Kg1 Nf2 121. Kf1 Ne4 122. Kg1
Be5 123. Kh1 Nf2+ 124. Kg1 Nd3 125. Kf1 Bc3 126. Kg1 Nf4 127. Kh2 Be5 128. Kg1
Kg3 129. Kf1 Kf3 130. Kg1 Ne2+ 131. Kh1 Bf6 132. Kh2 Bh4 133. Kh3 Bf2 134. Kh2
Ng3 135. Kh3 Bg1 136. Kh4 Ne4 1/2-1/2

[Event "Lliga Catalana DH"]
[Site "Barbera del Valles, Spain"]
[Date "2018.01.27"]
[Round "2.4"]
[White "Fernandez Diaz, Cristian "]
[Black "Rizouk, Aimen "]
[Result "0-1"]
[WhiteElo "2349"]
[BlackElo "2494"]
[PlyCount "112"]
[EventDate "2018.??.??"]
[WhiteTeam "MLL"]
[BlackTeam "BAB"]

1. d4 Nf6 2. c4 e6 3. Nf3 b6 4. g3 Ba6 5. Qa4 Bb7 6. Bg2 c5 7. dxc5 bxc5 8. O-O
Be7 9. Nc3 O-O 10. Rd1 d6 11. Bf4 a6 12. Rd2 Qc7 13. Rad1 Rd8 14. a3 h6 15. e4
Nc6 16. b4 g5 17. Be3 Ng4 18. Re2 Nxe3 19. Rxe3 Ne5 20. Nxe5 dxe5 21. Rxd8+
Rxd8 22. b5 Qb6 23. Bf3 Kg7 24. bxa6 Bxa6 25. Nb5 Rd2 26. Qb3 Qa5 27. Rd3 Bb7
28. Rxd2 Qxd2 29. Qc3 Qxc3 30. Nxc3 f5 31. Bd1 Bd8 32. Bc2 Kf6 33. exf5 exf5
34. g4 fxg4 35. Be4 Bc8 36. Bd5 Kf5 37. Ne4 Be7 38. Kg2 Kf4 39. Ng3 e4 40. Nxe4
h5 41. a4 Ke5 42. a5 Kd4 43. f3 gxf3+ 44. Kxf3 Bd8 45. Nd6 Bg4+ 46. Kg2 Bxa5
47. h3 Bd7 48. Nf7 Bd2 49. Nd6 Bf4 50. Ne4 Bf5 51. Nf6 h4 52. Kf3 Bxh3 53. Ne4
Bf5 54. Nf2 Bc2 55. Nh3 Bd1+ 56. Kg2 Be3 0-1

[Event "Lliga Catalana DH"]
[Site "Barbera del Valles, Spain"]
[Date "2018.01.27"]
[Round "2.5"]
[White "Alonso Moyano, Jonathan "]
[Black "Montilla Carrasco, Esteban "]
[Result "1-0"]
[WhiteElo "2458"]
[BlackElo "2315"]
[PlyCount "81"]
[EventDate "2018.??.??"]
[WhiteTeam "BAB"]
[BlackTeam "MLL"]

1. e4 c5 2. Nf3 d6 3. d4 cxd4 4. Nxd4 Nf6 5. Nc3 a6 6. h3 e5 7. Nde2 Be7 8. g4
h6 9. Bg2 Nc6 10. Be3 Be6 11. Ng3 g6 12. Nd5 Bxd5 13. exd5 Na5 14. b3 h5 15. g5
Nd7 16. h4 b5 17. Ne4 Nb7 18. O-O Qc7 19. b4 Nb6 20. Bxb6 Qxb6 21. Bh3 O-O 22.
Qf3 a5 23. a3 Ra7 24. Qe3 Qxe3 25. fxe3 Rfa8 26. Rac1 axb4 27. axb4 Ra4 28. c3
Na5 29. Bd7 Rb8 30. Ra1 Rxa1 31. Rxa1 Nc4 32. Kf2 Bd8 33. Ke2 Bb6 34. Bxb5 Nxe3
35. Nf6+ Kg7 36. Nd7 Rb7 37. Bc6 Ra7 38. Nxb6 Rxa1 39. Kxe3 f5 40. gxf6+ Kxf6
41. Nc8 1-0

[Event "Lliga Catalana DH"]
[Site "Barbera del Valles, Spain"]
[Date "2018.01.27"]
[Round "2.6"]
[White "Perales Galindo, Eduard "]
[Black "Perez Mañas, Benjamin "]
[Result "0-1"]
[WhiteElo "2323"]
[BlackElo "2410"]
[PlyCount "65"]
[EventDate "2018.??.??"]
[WhiteTeam "MLL"]
[BlackTeam "BAB"]

1. e4 c6 2. d4 d5 3. Nc3 dxe4 4. Nxe4 Nd7 5. Bc4 Ngf6 6. Ng5 e6 7. N1f3 h6 8.
Nxe6 fxe6 9. O-O Nd5 10. Bd3 Qf6 11. Ne5 Nxe5 12. dxe5 Qf7 13. Qg4 Ne7 14. Qe4
h5 15. b4 Nf5 16. b5 Bd7 17. a4 Bc5 18. Be3 Bxe3 19. fxe3 O-O 20. Bc4 g6 21. g4
hxg4 22. Qxg4 Qe7 23. bxc6 bxc6 24. Rad1 Kg7 25. Bd3 Rf7 26. Bxf5 Rxf5 27. Rxf5
exf5 28. Qd4 Be6 29. c4 Rh8 30. Qd6 Qg5+ 31. Kh1 Qh4 32. Rd2 Bd5+ 33. cxd5 0-1

[Event "Lliga Catalana DH"]
[Site "Barbera del Valles, Spain"]
[Date "2018.01.27"]
[Round "2.7"]
[White "Obon Temprano, Sergi "]
[Black "Amores Gago, Javier "]
[Result "1/2-1/2"]
[WhiteElo "2384"]
[BlackElo "2310"]
[PlyCount "98"]
[EventDate "2018.??.??"]
[WhiteTeam "BAB"]
[BlackTeam "MLL"]

1. d4 d6 2. Nf3 Bg4 3. c3 g6 4. e4 Bg7 5. Bc4 e6 6. h3 Bxf3 7. Qxf3 c6 8. O-O
Ne7 9. Bf4 O-O 10. Nd2 d5 11. exd5 cxd5 12. Bd3 Nbc6 13. Qg3 Rc8 14. Nb3 Na5
15. Nxa5 Qxa5 16. Bd6 Rfe8 17. a4 Nf5 18. Bxf5 exf5 19. Qd3 Rc4 20. Bb4 Rxb4
21. cxb4 Qxb4 22. Rfd1 Bxd4 23. Qb5 Qxb5 24. axb5 Bb6 25. Rxd5 Re2 26. Rf1 Rxb2
27. g3 Kg7 28. Kg2 Kf6 29. Rd7 Rxb5 30. Rxb7 Rb2 31. h4 h6 32. Kh3 g5 33. hxg5+
hxg5 34. Kg2 g4 35. Kh1 Kg6 36. Kg2 f6 37. Rd7 a5 38. Rb7 a4 39. Ra1 Rxf2+ 40.
Kh1 Be3 41. Rxa4 f4 42. gxf4 g3 43. f5+ Kxf5 44. Rb5+ Kg6 45. Rb7 Kf5 46. Rb5+
Kg6 47. Rg4+ Bg5 48. Rxg3 Ra2 49. Rg2 Rxg2 1/2-1/2